000 00423nam a22001577a 4500
003 OSt
005 20140310182512.0
008 130808t xxu||||| |||| 00| 0 eng d
020 _a9780071603850
050 _aRS 122.5
_bQ35 2010
100 _aTerri L. Warholak
_99069
245 _aQuality & Safety in Pharmacy Practice
_cTerri L. Warholak
300 _a273 p. :
_bill. :
_c23 cm.
942 _2lcc
_cSSLC
999 _c13926
_d13926